| 000 | 01009nam a2200217 a 4500 | ||
|---|---|---|---|
| 001 | 000041548 | ||
| 005 | 20201002035632.0 | ||
| 008 | 131009s1997 sp 000 0 spa d | ||
| 020 | _a840007694X | ||
| 100 | 1 |
_aHayari, Ahmad b. Qasim al- _968287 |
|
| 245 | 1 | 0 |
_aKitab nasir al-din ala 'l-qawm al-kafirin = _bThe supporter of religion against the infidel / _cAhmad ibn Qasim al-Hajari ; historical study, critical edition and annotated translation by P. S. van Koningsveld, Q. al-Samarrai, and G. A. Wiegers. |
| 246 | 1 | 3 | _aSupporter of religion against the infidels |
| 260 |
_aMadrid : _bConsejo Superior de Investigaciones Científicas _bAgencia Española de Cooperación Internacional, _c1997. |
||
| 300 |
_a299, 206 p. ; _c24 cm. |
||
| 490 | 1 |
_aFuentes arábico-hispanas ; _v21 |
|
| 700 | 1 |
_aKoningsveld, P. Sj. van, _etr. _968288 |
|
| 700 | 1 |
_aSamarra'i., Qasim al-, _etr. _968289 |
|
| 700 | 1 |
_aWiegers, Gerard Albert, _etr. _968290 |
|
| 830 | 0 |
_aFuentes arábico-hispanas ; _v21 _965581 |
|
| 999 |
_c41038 _d41038 |
||
| 040 | _aDO-SdBNP | ||